000 00953nas a2200325 4500
001 BR0202750
003 BR-BrBNA
005 20231205103014.0
007 ta
008 230509b bl.|||p| |||| 00| 00por d
040 _aBR-BrBNA
_bpor
_cBiblioteca Nacional de Agricultura
041 _a(Pt)
072 _aL53; L02
100 1 _aLima, K.R. de S.
100 1 _aFerreira, A.S.
100 1 _aDonzele, J.L.Oliveira, R.F.M. de
100 1 _aRostagno, H.S.
100 1 _aAraújo, A.B.
100 1 _aManno, M.C.
245 1 _aNíveis de proteína bruta da ração para marrãs em gestação
650 _aMARRÃ
650 _aPRENHEZ
650 _aRAÇÃO
650 _aPROTEÍNA BRUTA
650 _aEXIGÊNCIA NUTRICIONAL
650 _aLACTAÇÃO
773 0 _tRevista Brasileira de Zootecnia (Brazil)
_xISSN 1516-3598
_g(Jan-Feb 2002), v. 31(1) p. 86-95
_wBR0202750
909 _a202311
_bLúcia
_c55
_dLúcia Elande
942 _2AGRIS
_n0
_cANA
999 _c170525
_d170525